000 00468nam a2200193Ia 4500
005 20240823035613.0
008 240823s9999||||xx |||||||||||||| ||und||
020 _a978-81-222-0393-6
041 _aENGLISH
082 _A891.43934 Q1
100 _aMirza Muhammad Hadi Ruswa
245 0 _aUmrao Jan ada the Courtesan of Lucknow
250 _a1st
260 _c2011
_bOrient Paper
500 _aYES
650 _aNovel
_bEnglish
942 _cBK
999 _c201083
_d201083